000 01182nam a22002417a 4500
999 _c3721
_d3721
003 OSt
005 20241003092232.0
008 241003b ||||| |||| 00| 0 eng d
020 _a9781406360226
040 _cKH8
082 _aFIC HOR
100 _aHorowitz, Anthony,
_d1955-
_eauthor.
245 _aEagle Strike /
_bAnthony Horowitz.
260 _aLondon;
_bWalker,
_c2015.
300 _a310 pages :
_c20cm.
490 _aAlex rider
_vbk. 4
520 _aSir Damian Cray is a philanthropist, peace activist, and the world's most famouspop star. But still it's not enough. He needs more if he is to save the world. Trouble is, only Alex Rider recognizes that it's the world that needs saving from Sir Damian Cray. Underneath the luster of glamour and fame lies a twisted mind, ready to sacrifice the world for his beliefs. But in the past, Alex has always had the backing of the government. This time, he's on his own. Can one teenager convince the world that the most popular man on earth is a madman bent on destruction-before time runs out?
650 _aChildren's stories
650 _aSpy fiction
650 _aSpy stories
830 _aAlex rider
942 _2ddc
_cFIC